I love you alotl, I love you so much / (Record no. 414302)
[ view plain ]
| 000 -LEADER | |
|---|---|
| fixed length control field | 01752cam a22005057i 4500 |
| 001 - CONTROL NUMBER | |
| control field | on1552151642 |
| 003 - CONTROL NUMBER IDENTIFIER | |
| control field | OCoLC |
| 005 - DATE AND TIME OF LATEST TRANSACTION | |
| control field | 20251216152620.0 |
| 007 - PHYSICAL DESCRIPTION FIXED FIELD--GENERAL INFORMATION | |
| fixed length control field | ta |
| 008 - FIXED-LENGTH DATA ELEMENTS--GENERAL INFORMATION | |
| fixed length control field | 250929s2025 nyua j 000 f eng d |
| 015 ## - NATIONAL BIBLIOGRAPHY NUMBER | |
| National bibliography number | GBC5C1548 |
| Source | bnb |
| 016 7# - NATIONAL BIBLIOGRAPHIC AGENCY CONTROL NUMBER | |
| Record control number | 300633606 |
| Source | Uk |
| 020 ## - INTERNATIONAL STANDARD BOOK NUMBER | |
| International Standard Book Number | 9780063449190 |
| Qualifying information | hardback |
| 020 ## - INTERNATIONAL STANDARD BOOK NUMBER | |
| International Standard Book Number | 0063449196 |
| 024 8# - OTHER STANDARD IDENTIFIER | |
| Standard number or code | CIPO000303961 |
| 029 0# - (OCLC) | |
| OCLC library identifier | UKMGB |
| System control number | 300633606 |
| 035 ## - SYSTEM CONTROL NUMBER | |
| System control number | (OCoLC)1552151642 |
| 040 ## - CATALOGING SOURCE | |
| Original cataloging agency | UKMGB |
| Language of cataloging | eng |
| Description conventions | rda |
| Transcribing agency | UKMGB |
| Modifying agency | OCLCO |
| -- | UUC |
| -- | OCLCO |
| 049 ## - LOCAL HOLDINGS (OCLC) | |
| Holding library | WACL |
| 082 04 - DEWEY DECIMAL CLASSIFICATION NUMBER | |
| Classification number | 813.6 |
| Edition number | 23 |
| 092 ## - LOCALLY ASSIGNED DEWEY CALL NUMBER (OCLC) | |
| Classification number | children holiday |
| Item number | Lee |
| 100 1# - MAIN ENTRY--PERSONAL NAME | |
| Personal name | Lee, Su Youn (illustrator) |
| 9 (RLIN) | 6557676 |
| 245 00 - TITLE STATEMENT | |
| Title | I love you alotl, I love you so much / |
| Statement of responsibility, etc | Su Youn Lee. |
| 264 #1 - Production, Publication, Distribution, Manufacture, and Copyright Notice. | |
| Place of production, publication, distribution, manufacture | New York, NY : |
| Name of producer, publisher, distributor, manufacturer | HarperCollinsPublishers, |
| Date of production, publication, distribution, manufacture, or copyr | [2025] |
| 264 #4 - Production, Publication, Distribution, Manufacture, and Copyright Notice. | |
| Date of production, publication, distribution, manufacture, or copyr | 2025. |
| Place of production, publication, distribution, manufacture | New York, NY : |
| Name of producer, publisher, distributor, manufacturer | HarperCollinsPublishers, |
| 300 ## - PHYSICAL DESCRIPTION | |
| Extent | 1 volume (unpaged) : |
| Other physical details | chiefly illustrations (colour) ; |
| Dimensions | 21 cm |
| 336 ## - Content Type | |
| Content type term | text |
| 336 ## - Content Type | |
| Content type term | still image |
| 337 ## - Media type | |
| Media type term | unmediated |
| 338 ## - Carrier type | |
| Carrier type term | volume |
| 500 ## - GENERAL NOTE | |
| General note | An Axolotl book. |
| 520 ## - SUMMARY, ETC. | |
| Summary, etc | With this Axolutely adorable pn-filled book, tell a special someone that you love them alotl! |
| 650 #0 - SUBJECT ADDED ENTRY--TOPICAL TERM | |
| Topical term or geographic name as entry element | Animals |
| Form subdivision | Juvenile fiction. |
| 9 (RLIN) | 5678723 |
| 650 #0 - SUBJECT ADDED ENTRY--TOPICAL TERM | |
| Topical term or geographic name as entry element | Axolotls |
| Form subdivision | Juvenile fiction. |
| 9 (RLIN) | 5796530 |
| 650 #0 - SUBJECT ADDED ENTRY--TOPICAL TERM | |
| Topical term or geographic name as entry element | Love |
| Form subdivision | Juvenile fiction. |
| 9 (RLIN) | 5688955 |
| 650 #6 - SUBJECT ADDED ENTRY--TOPICAL TERM | |
| Topical term or geographic name as entry element | Axolotls |
| Form subdivision | Romans, nouvelles, etc. pour la jeunesse. |
| 9 (RLIN) | 6557673 |
| 655 #7 - INDEX TERM--GENRE/FORM | |
| Genre/form data or focus term | Juvenile works |
| Source of term | fast |
| 9 (RLIN) | 5673941 |
| 655 #7 - INDEX TERM--GENRE/FORM | |
| Genre/form data or focus term | Novels |
| Source of term | fast |
| 655 #7 - INDEX TERM--GENRE/FORM | |
| Genre/form data or focus term | Pictorial works. |
| Source of term | fast |
| 9 (RLIN) | 5674244 |
| 655 #7 - INDEX TERM--GENRE/FORM | |
| Genre/form data or focus term | Children's stories |
| Form subdivision | Pictorial works. |
| Source of term | gsafd |
| 9 (RLIN) | 5677077 |
| 655 #7 - INDEX TERM--GENRE/FORM | |
| Genre/form data or focus term | Puns. |
| Source of term | lcgft |
| 9 (RLIN) | 6557674 |
| 655 #7 - INDEX TERM--GENRE/FORM | |
| Genre/form data or focus term | Picture books. |
| Source of term | lcgft |
| 655 #7 - INDEX TERM--GENRE/FORM | |
| Genre/form data or focus term | Jeux de mots. |
| Source of term | rvmgf |
| 9 (RLIN) | 6557675 |
| 942 ## - ADDED ENTRY ELEMENTS (KOHA) | |
| Source of classification or shelving scheme | Dewey Decimal Classification |
| Koha item type | BOOK |
| Withdrawn status | Lost status | Source of classification or shelving scheme | Damaged status | Not for loan | Collection code | Home library | Current library | Shelving location | Date acquired | Source of acquisition | Total Checkouts | Total Renewals | Full call number | Barcode | Date last seen | Date checked out | Cost, replacement price | Price effective from | Koha item type |
|---|---|---|---|---|---|---|---|---|---|---|---|---|---|---|---|---|---|---|---|
| Dewey Decimal Classification | Children Holiday Books | Wasatch County Library | Wasatch County Library | Main Floor Childrens Area | 12/16/2025 | Ingram | 2 | 1 | E Valentine's Day Lee | 34301002006239 | 03/07/2026 | 02/23/2026 | 9.99 | 12/16/2025 | BOOK |
